00371nam a22001217a 4500020001600000082001000016100001800026245007100044260003700115300003200152650003700184700002800221 qHard Cover. a621.3 aButt, Maryam  aNoise Removal from ECG Signal using SSRLS Algorithm /cMaryam Butt aIslamabad :bCEME - NUST,c2013. axii, 100 p. : ill. ;c30cm. aElectrical Engineering-MS-Thesis aDr. Syed M. Tahir Zaidi